Normal view
MARC view
- Hasrat Kaas Ganjvi
Entry Personal Name
001 - CONTROL NUMBER
- control field: 16918
003 - CONTROL NUMBER IDENTIFIER
- control field: NUST
005 - DATE AND TIME OF LATEST TRANSACTION
- control field: 20190706125824.0
008 - FIXED-LENGTH DATA ELEMENTS
- fixed length control field: 190706|| aca||aabn | a|a d
040 ## - CATALOGING SOURCE
- Original cataloging agency: NUST
- Transcribing agency: NUST
100 ## - HEADING--PERSONAL NAME
- Personal name: Hasrat Kaas Ganjvi
670 ## - SOURCE DATA FOUND
- Source citation: Work cat.: (NUST): Hasrat Kaas Ganjvi, Jadah rahmat ka msafar /, 2001.
